[Event "ALG-ch (Women)"]
[Site "Oran"]
[Date "2018.07.16"]
[Round "5"]
[White "Lalaoui, Feriel"]
[Black "Nassr, Ryma"]
[Result "1-0"]
[WhiteElo "1769"]
[BlackElo "1078"]
[PlyCount "130"]
[EventDate "2018.07.12"]
[EventType "tourn"]
[EventRounds "9"]
[EventCountry "ALG"]
[SourceTitle "EXT 2019"]
[Source "ChessBase"]
[SourceDate "2018.10.10"]
[SourceVersion "1"]
[SourceVersionDate "2018.10.10"]
[SourceQuality "1"]

1. e4 c5 2. Nf3 d6 3. Bc4 e6 4. d4 cxd4 5. Nxd4 Nf6 6. Nc3 Be7 7. 0-0 0-0 8. Qe2 Nc6 9. Nf3 Ng4 10. Rd1 e5 11. Nd5 Be6 12. Nxe7+ Qxe7 13. h3 Bxc4 14. Qxc4 Nf6 15. Bg5 Rad8 16. c3 Qe6 17. Qb5 Rb8 18. Bxf6 Qxf6 19. Rd2 a6 20. Qa4 Rfd8 21. Rad1 Rd7 22. Rd5 Rbd8 23. c4 Ne7 24. Nxe5 Nxd5 25. Nxd7 Qe6 26. Rxd5 Rxd7 27. e5 h6 28. Rxd6 Rxd6 29. exd6 Qxd6 30. Qe8+ Qf8 31. Qxf8+ Kxf8 32. c5 Ke7 33. b4 Kd7 34. Kf1 Kc6 35. Ke2 Kb5 36. a3 Ka4 37. Kd3 Kxa3 38. Kc4 Ka4 39. f4 h5 40. g4 h4 41. g5 g6 42. c6 bxc6 43. Kc5 Kb3 44. Kxc6 Kxb4 45. Kd6 a5 46. Ke7 a4 47. Kxf7 a3 48. Kxg6 a2 49. f5 a1Q 50. f6 Qb1+ 51. Kg7 Qb2 52. Kf7 Qb3+ 53. Kf8 Kb5 54. g6 Qb4+ 55. Kg8 Qc4+ 56. f7 Kc6 57. Kh8 Qd4+ 58. g7 Qf6 59. f8Q Qh6+ 60. Kg8 Qe6+ 61. Kh7 Qe4+ 62. Kh8 Qe5 63. Qc8+ Kd5 64. Qd8+ Ke4 65. Qxh4+ Kd5 1-0

[Event "ALG-ch (Women)"]
[Site "Algiers"]
[Date "2017.10.24"]
[Round "7"]
[White "Lalaoui, Feriel"]
[Black "Latreche, Sabrina"]
[Result "0-1"]
[WhiteElo "1735"]
[BlackElo "2004"]
[PlyCount "60"]
[EventDate "2017.10.20"]
[EventType "tourn"]
[EventRounds "7"]
[EventCountry "ALG"]
[SourceTitle "CBM 181 Extra"]
[Source "ChessBase"]
[SourceDate "2017.12.12"]
[SourceVersion "1"]
[SourceVersionDate "2017.12.12"]
[SourceQuality "1"]

1. e4 d5 2. exd5 Nf6 3. d4 Nxd5 4. Nc3 Nb6 5. Nf3 g6 6. Bf4 Bg7 7. Qd2 Bf5 8. 0-0-0 Nd5 9. Nxd5 Qxd5 10. Kb1 c6 11. Be5 f6 12. Bf4 Nd7 13. Bd3 Bxd3 14. Qxd3 0-0 15. c4 Qa5 16. Rhe1 e5 17. dxe5 Nxe5 18. Nxe5 fxe5 19. Bd2 Qc7 20. f3 Rad8 21. Qa3 b6 22. h4 Rd4 23. Bg5 Rxc4 24. h5 gxh5 25. Rh1 Qf7 26. Be7 Re8 27. Bd6 Rd4 28. Rxd4 exd4 29. Qd3 Qg6 30. Rd1 Qxd6 0-1

[Event "Africa-ch (Women)"]
[Site "Oran"]
[Date "2017.07.04"]
[Round "3"]
[White "Lalaoui, Feriel"]
[Black "February, Jesse Nikki"]
[Result "0-1"]
[WhiteElo "1719"]
[BlackElo "1823"]
[PlyCount "48"]
[EventDate "2017.07.02"]
[EventType "swiss"]
[EventRounds "9"]
[EventCountry "ALG"]
[SourceTitle "CBM 179 Extra"]
[Source "ChessBase"]
[SourceDate "2017.08.23"]
[SourceVersion "1"]
[SourceVersionDate "2017.08.23"]
[SourceQuality "1"]

1. e4 e6 2. d4 d5 3. Nd2 Nf6 4. e5 Nfd7 5. Bd3 c5 6. c3 Nc6 7. Ne2 cxd4 8. cxd4 f6 9. exf6 Nxf6 10. Nf3 Bd6 11. 0-0 0-0 12. Re1 e5 13. dxe5 Nxe5 14. Nxe5 Bxe5 15. Ng3 Ng4 16. h3 Bxg3 17. hxg4 Bxf2+ 18. Kf1 Bxe1+ 19. Kxe1 Qh4+ 20. Kd2 Rf2+ 21. Kc3 d4+ 22. Kxd4 Qf6+ 23. Kc4 Be6+ 24. Kb4 a5+ 0-1

[Event "Africa-ch (Women)"]
[Site "Oran"]
[Date "2017.07.03"]
[Round "2"]
[White "Toubal, Hayat"]
[Black "Lalaoui, Feriel"]
[Result "1/2-1/2"]
[WhiteElo "1909"]
[BlackElo "1719"]
[PlyCount "86"]
[EventDate "2017.07.02"]
[EventType "swiss"]
[EventRounds "9"]
[EventCountry "ALG"]
[SourceTitle "CBM 179 Extra"]
[Source "ChessBase"]
[SourceDate "2017.08.23"]
[SourceVersion "1"]
[SourceVersionDate "2017.08.23"]
[SourceQuality "1"]

1. d4 Nf6 2. Nf3 e6 3. Bg5 h6 4. Bh4 Be7 5. Nbd2 b6 6. e4 Bb7 7. Bd3 d5 8. Bxf6 Bxf6 9. e5 Be7 10. Qe2 c5 11. c3 Nc6 12. a3 0-0 13. h4 cxd4 14. cxd4 Qd7 15. g4 g6 16. Nf1 Kg7 17. Ng3 Rac8 18. Qe3 Na5 19. Rb1 Nc4 20. Qe2 Rc7 21. Kf1 Rfc8 22. Ne1 f6 23. f4 fxe5 24. fxe5 Rf8+ 25. Kg2 Rf4 26. Nc2 Qc8 27. h5 g5 28. Rhf1 Qf8 29. Ne3 Nxe3+ 30. Qxe3 Bd8 31. Bg6 Ba6 32. Rf2 Bb5 33. Rd1 Rxf2+ 34. Qxf2 Qxf2+ 35. Kxf2 Kf8 36. Ne2 Be8 37. Bd3 Ba4 38. Rf1 Rf7+ 39. Kg2 Rxf1 40. Kxf1 Ke7 41. Nc3 Bb3 42. Kf2 Bc7 43. Ke1 Bb8 1/2-1/2

[Event "Algiers zt 4.1 (Women)"]
[Site "Algiers"]
[Date "2017.05.13"]
[Round "3"]
[White "Lalaoui, Feriel"]
[Black "Krifa, Najla"]
[Result "1-0"]
[WhiteElo "1717"]
[BlackElo "1785"]
[PlyCount "61"]
[EventDate "2017.05.12"]
[EventType "tourn"]
[EventRounds "9"]
[EventCountry "ALG"]
[SourceTitle "CBM 178 Extra"]
[Source "ChessBase"]
[SourceDate "2017.06.22"]
[SourceVersion "1"]
[SourceVersionDate "2017.06.22"]
[SourceQuality "1"]

1. e4 c5 2. Nf3 d6 3. d4 cxd4 4. Nxd4 Nf6 5. Nc3 g6 6. Be3 Bg7 7. f3 0-0 8. Qd2 Nc6 9. Bc4 Nd7 10. 0-0-0 Nb6 11. Bb3 Na5 12. Qe2 Nxb3+ 13. axb3 Bd7 14. h4 a5 15. Ndb5 a4 16. Qf2 Nc8 17. bxa4 Bxb5 18. axb5 Qa5 19. Kd2 Bxc3+ 20. bxc3 Qxb5 21. h5 e5 22. Qh4 Qd7 23. Bh6 Qe7 24. Qxe7 Nxe7 25. Bxf8 Rxf8 26. hxg6 fxg6 27. Rb1 Rb8 28. Rb6 Nc6 29. Rhb1 Na5 30. Kd3 Rc8 31. Rxd6 1-0

[Event "Algiers zt 4.1 (Women)"]
[Site "Algiers"]
[Date "2017.05.13"]
[Round "2"]
[White "Mezioud, Amina"]
[Black "Lalaoui, Feriel"]
[Result "1-0"]
[WhiteElo "2052"]
[BlackElo "1717"]
[PlyCount "73"]
[EventDate "2017.05.12"]
[EventType "tourn"]
[EventRounds "9"]
[EventCountry "ALG"]
[SourceTitle "CBM 178 Extra"]
[Source "ChessBase"]
[SourceDate "2017.06.22"]
[SourceVersion "1"]
[SourceVersionDate "2017.06.22"]
[SourceQuality "1"]

1. e4 e5 2. Nf3 Nc6 3. Bb5 a6 4. Ba4 Nf6 5. Qe2 b5 6. Bb3 Bc5 7. c3 d6 8. d3 h6 9. Be3 Bxe3 10. fxe3 0-0 11. Nbd2 Ne7 12. Nh4 Bg4 13. Qf2 Qd7 14. h3 Be6 15. 0-0 d5 16. Qg3 Kh7 17. Qxe5 Nc6 18. Qg3 dxe4 19. Nxe4 Nxe4 20. dxe4 Bxb3 21. axb3 g6 22. Rf6 Rg8 23. Raf1 Nd8 24. Qf3 Qe7 25. e5 Ra7 26. Qf4 c5 27. Nf5 Qf8 28. Nd6 Rg7 29. e6 Kg8 30. Ne4 Qe7 31. exf7+ Nxf7 32. Rb6 Ra8 33. Rd1 Qa7 34. Rc6 c4 35. Rc7 Qb6 36. Nf6+ Kh8 37. Rxf7 1-0

[Event "ALG-ch sf (Women)"]
[Site "Algiers"]
[Date "2017.04.01"]
[Round "7"]
[White "Lalaoui, Feriel"]
[Black "Toubal, Hayat"]
[Result "1/2-1/2"]
[WhiteElo "1714"]
[BlackElo "1900"]
[PlyCount "39"]
[EventDate "2017.03.29"]
[EventType "swiss"]
[EventRounds "7"]
[EventCountry "ALG"]
[SourceTitle "EXT 2018"]
[Source "ChessBase"]
[SourceDate "2017.10.13"]
[SourceVersion "1"]
[SourceVersionDate "2017.10.13"]
[SourceQuality "1"]

1. e4 c6 2. d4 d5 3. exd5 cxd5 4. Bd3 Nc6 5. c3 Nf6 6. Bf4 Bg4 7. Qb3 Qd7 8. Nd2 e6 9. Ngf3 Bxf3 10. Nxf3 a6 11. a4 Be7 12. Ne5 Qc8 13. 0-0 0-0 14. Rfe1 Nd7 15. Nxc6 bxc6 16. c4 Nf6 17. Be5 Qd7 18. cxd5 cxd5 19. Rac1 Rfc8 20. Qb6 1/2-1/2

[Event "ALG-ch sf (Women)"]
[Site "Algiers"]
[Date "2017.03.29"]
[Round "2"]
[White "Bakouche, Narimene"]
[Black "Lalaoui, Feriel"]
[Result "1-0"]
[WhiteElo "1543"]
[BlackElo "1714"]
[PlyCount "65"]
[EventDate "2017.03.29"]
[EventType "swiss"]
[EventRounds "7"]
[EventCountry "ALG"]
[SourceTitle "EXT 2018"]
[Source "ChessBase"]
[SourceDate "2017.10.13"]
[SourceVersion "1"]
[SourceVersionDate "2017.10.13"]
[SourceQuality "1"]

1. e4 e5 2. Nf3 Nc6 3. Bc4 Bc5 4. c3 Nf6 5. d3 a6 6. Bb3 Ba7 7. 0-0 0-0 8. Nbd2 d5 9. exd5 Nxd5 10. Nc4 f6 11. Ne3 Be6 12. Re1 Qd7 13. d4 exd4 14. Nxd4 Nxd4 15. cxd4 Rad8 16. Nc2 c6 17. Bd2 Rfe8 18. Ba5 b6 19. Bd2 Bg4 20. f3 Bh5 21. Nb4 a5 22. Nxd5 cxd5 23. Rc1 Bb8 24. Rxe8+ Rxe8 25. Be1 f5 26. Qc2 Qd6 27. Bg3 f4 28. Bf2 b5 29. Qc5 Bf7 30. Qxb5 Qd8 31. Ba4 Bc7 32. Qb7 Re7 33. Bh4 1-0

[Event "Wch U20 Girls 32nd"]
[Site "Pune"]
[Date "2014.10.19"]
[Round "13"]
[White "Lalaoui, Feriel"]
[Black "Samudin, Elina"]
[Result "1-0"]
[WhiteElo "1739"]
[BlackElo "1623"]
[PlyCount "77"]
[EventDate "2014.10.06"]
[EventType "swiss"]
[EventRounds "13"]
[EventCountry "IND"]
[SourceTitle "EXT 2015"]
[Source "ChessBase"]
[SourceDate "2014.11.20"]
[SourceVersion "1"]
[SourceVersionDate "2014.11.20"]
[SourceQuality "1"]

1. e4 d5 2. exd5 Qxd5 3. Nc3 Qa5 4. d4 c6 5. Nf3 Nf6 6. Bd2 Bf5 7. Bc4 e6 8. 0-0 Nbd7 9. Re1 Qc7 10. a4 Bd6 11. h3 0-0 12. Ng5 Nb6 13. Bb3 Nbd5 14. Nge4 Nxc3 15. Nxf6+ gxf6 16. Bxc3 Be7 17. g4 Bg6 18. h4 h5 19. gxh5 Bf5 20. Qf3 Kh7 21. Kh1 Rg8 22. Rg1 Rad8 23. Qe3 Rxg1+ 24. Rxg1 Rg8 25. Rxg8 Kxg8 26. h6 Qb8 27. d5 cxd5 28. Bxd5 Kh7 29. Be4 Bxe4+ 30. Qxe4+ f5 31. Qg2 Qg8 32. Qxb7 Bxh4 33. Qxa7 Bg5 34. Bg7 Bxh6 35. Bxh6 Kxh6 36. Qe3+ Qg5 37. Qxg5+ Kxg5 38. a5 e5 39. a6 1-0

[Event "Wch U20 Girls 32nd"]
[Site "Pune"]
[Date "2014.10.18"]
[Round "12"]
[White "Djogteva, Jekaterina"]
[Black "Lalaoui, Feriel"]
[Result "1-0"]
[WhiteElo "1754"]
[BlackElo "1739"]
[PlyCount "49"]
[EventDate "2014.10.06"]
[EventType "swiss"]
[EventRounds "13"]
[EventCountry "IND"]
[SourceTitle "EXT 2015"]
[Source "ChessBase"]
[SourceDate "2014.11.20"]
[SourceVersion "1"]
[SourceVersionDate "2014.11.20"]
[SourceQuality "1"]

1. e4 e5 2. Nf3 Nc6 3. Bc4 Bc5 4. c3 Nf6 5. d3 a6 6. Bb3 d6 7. Nbd2 Ba7 8. h3 h6 9. Nf1 0-0 10. g4 d5 11. Ng3 dxe4 12. dxe4 Qe7 13. g5 hxg5 14. Bxg5 Rd8 15. Qe2 Kh7 16. Nh5 Be6 17. Nh4 Qc5 18. Nxf6+ gxf6 19. Be3 Qb5 20. Qh5+ Kg8 21. Qh6 Bxe3 22. fxe3 Bg4 23. Qg6+ Kh8 24. Qxf6+ Kh7 25. Qxf7+ 1-0

[Event "Wch U20 Girls 32nd"]
[Site "Pune"]
[Date "2014.10.06"]
[Round "1"]
[White "Lalaoui, Feriel"]
[Black "Olenina, Aysa"]
[Result "0-1"]
[WhiteElo "1739"]
[BlackElo "2077"]
[PlyCount "58"]
[EventDate "2014.10.06"]
[EventType "swiss"]
[EventRounds "13"]
[EventCountry "IND"]
[SourceTitle "EXT 2015"]
[Source "ChessBase"]
[SourceDate "2014.11.20"]
[SourceVersion "1"]
[SourceVersionDate "2014.11.20"]
[SourceQuality "1"]

1. e4 e5 2. Nf3 Nc6 3. Bc4 Bc5 4. c3 Nf6 5. d4 exd4 6. cxd4 Bb4+ 7. Bd2 Bxd2+ 8. Nbxd2 d5 9. exd5 Nxd5 10. Qb3 Nce7 11. 0-0 0-0 12. Rfe1 c6 13. Ne4 h6 14. Nc5 b6 15. Ne4 Be6 16. a4 Nf5 17. g3 Qc7 18. Nc3 Rad8 19. Rac1 Qb7 20. Re5 Nc7 21. Bxe6 fxe6 22. Ne2 Rf6 23. Qc3 Ne7 24. Re1 Ned5 25. Qb3 Rdf8 26. Nd2 Rxf2 27. Nc4 c5 28. Nd6 Ne3 29. Nxb7 Rf1+ 0-1

[Event "Arab-ch U20 Girls"]
[Site "Amman"]
[Date "2014.08.24"]
[Round "4.2"]
[White "Tamara, Khateeb"]
[Black "Lalaoui, Feriel"]
[Result "1-0"]
[WhiteElo "1798"]
[BlackElo "1746"]
[PlyCount "31"]
[EventDate "2014.08.22"]
[EventType "swiss"]
[EventRounds "9"]
[EventCountry "JOR"]
[SourceTitle "EXT 2024"]
[Source "ChessBase"]
[SourceDate "2023.10.10"]
[SourceVersion "1"]
[SourceVersionDate "2023.10.10"]
[SourceQuality "1"]

1. e4 e5 2. Nf3 Nc6 3. Nc3 Bc5 4. Nxe5 Nxe5 5. d4 Bxd4 6. Qxd4 Qf6 7. Qc5 c6 8. Be3 d6 9. Qb4 Ne7 10. h4 c5 11. Qb5+ N5c6 12. Bg5 Qe6 13. Nd5 Qd7 14. 0-0-0 0-0 15. Qb3 f6 16. Nxe7+ 1-0

[Event "Arab-ch U20 Girls"]
[Site "Amman"]
[Date "2014.08.22"]
[Round "1.4"]
[White "Lalaoui, Feriel"]
[Black "Safa, Abuganiya"]
[Result "1-0"]
[WhiteElo "1746"]
[BlackElo "1591"]
[PlyCount "69"]
[EventDate "2014.08.22"]
[EventType "swiss"]
[EventRounds "9"]
[EventCountry "JOR"]
[SourceTitle "EXT 2024"]
[Source "ChessBase"]
[SourceDate "2023.10.10"]
[SourceVersion "1"]
[SourceVersionDate "2023.10.10"]
[SourceQuality "1"]

1. e4 c5 2. Nf3 g6 3. d4 cxd4 4. Nxd4 Bg7 5. Nc3 Nc6 6. Be3 Nf6 7. Bc4 0-0 8. f3 d6 9. Qd2 Nxd4 10. Bxd4 Bd7 11. 0-0-0 Qc7 12. Bb3 Qa5 13. Kb1 Be6 14. Nd5 Qxd2 15. Nxe7+ Kh8 16. Rxd2 Rfe8 17. Nd5 Bxd5 18. Bxd5 Re7 19. Rhd1 Kg8 20. Bb3 Ne8 21. Bxg7 Kxg7 22. Ba4 f5 23. exf5 gxf5 24. c3 Nf6 25. Rxd6 Re2 26. R6d2 Re5 27. Rd4 b5 28. Bc2 Rae8 29. c4 Re2 30. R4d2 Kg6 31. Bd3 Rxd2 32. Rxd2 a6 33. Re2 Rd8 34. Kc2 Rd4 35. Re6 1-0

[Event "Wch U18 Girls"]
[Site "Al Ain"]
[Date "2013.12.23"]
[Round "11"]
[White "Lalaoui, Feriel"]
[Black "Ballantyne, Rochelle"]
[Result "0-1"]
[WhiteElo "1754"]
[BlackElo "1934"]
[PlyCount "48"]
[EventDate "2013.12.18"]
[EventType "swiss"]
[EventRounds "11"]
[EventCountry "UAE"]
[SourceTitle "CBM 158 Extra"]
[Source "ChessBase"]
[SourceDate "2014.02.28"]
[SourceVersion "1"]
[SourceVersionDate "2014.02.28"]
[SourceQuality "1"]

1. e4 c5 2. Nf3 e6 3. d4 cxd4 4. Nxd4 a6 5. Nc3 Qc7 6. Be3 Bb4 7. Qd2 Nf6 8. f3 d5 9. 0-0-0 e5 10. Nf5 Bxf5 11. exf5 d4 12. Bxd4 exd4 13. Re1+ Be7 14. Qxd4 Nc6 15. Qf2 Qf4+ 16. Kb1 Qxf5 17. Bd3 Qa5 18. g4 0-0 19. h4 Bb4 20. h5 Bxc3 21. bxc3 Nd5 22. Qh4 Qa3 23. Bc4 Nxc3+ 24. Ka1 Na4 0-1

[Event "Wch U18 Girls"]
[Site "Al Ain"]
[Date "2013.12.22"]
[Round "6"]
[White "Ruhlmann, Helene"]
[Black "Lalaoui, Feriel"]
[Result "1-0"]
[WhiteElo "1830"]
[BlackElo "1754"]
[PlyCount "67"]
[EventDate "2013.12.18"]
[EventType "swiss"]
[EventRounds "11"]
[EventCountry "UAE"]
[SourceTitle "CBM 158 Extra"]
[Source "ChessBase"]
[SourceDate "2014.02.28"]
[SourceVersion "1"]
[SourceVersionDate "2014.02.28"]
[SourceQuality "1"]

1. d4 Nf6 2. Nf3 e6 3. e3 b6 4. Bd3 Bb7 5. 0-0 Be7 6. c4 0-0 7. Nc3 d5 8. Re1 c5 9. cxd5 exd5 10. dxc5 Bxc5 11. a3 Re8 12. b4 Bf8 13. Nd4 Nbd7 14. Bb2 a6 15. Rc1 b5 16. Nb3 Ne5 17. Ne2 Nxd3 18. Qxd3 Ng4 19. Nc5 Bxc5 20. Rxc5 Qh4 21. Ng3 Qxh2+ 22. Kf1 d4 23. e4 Qh6 24. Rc7 Rab8 25. Qxd4 Red8 26. Rxb7 Rbc8 27. Rd7 Re8 28. Qd5 Qf4 29. Qd4 Ne5 30. Rd1 f6 31. Qd5+ Kh8 32. Bxe5 fxe5 33. Qf7 Qg5 34. Nf5 1-0

[Event "ALG-ch U18 Girls"]
[Site "Tipaza"]
[Date "2013.06.21"]
[Round "3.1"]
[White "Abdi, Zineb Dina"]
[Black "Lalaoui, Feriel"]
[Result "1/2-1/2"]
[WhiteElo "1905"]
[BlackElo "1733"]
[PlyCount "129"]
[EventDate "2013.06.21"]
[EventType "swiss"]
[EventRounds "5"]
[EventCountry "ALG"]
[SourceTitle "EXT 2024"]
[Source "ChessBase"]
[SourceDate "2023.10.10"]
[SourceVersion "1"]
[SourceVersionDate "2023.10.10"]
[SourceQuality "1"]

1. e4 e5 2. Nf3 Nc6 3. Bb5 a6 4. Ba4 Nf6 5. d4 exd4 6. 0-0 Be7 7. Re1 b5 8. e5 Nxe5 9. Nxe5 bxa4 10. Qxd4 0-0 11. Qxa4 Rb8 12. a3 Re8 13. Nc3 Bd6 14. Bf4 Rxb2 15. Rad1 Re6 16. Bc1 Rb8 17. Nd3 Qe7 18. Bg5 Bb7 19. Rxe6 Qxe6 20. Re1 Qf5 21. Bf4 Qg4 22. Bg3 Qxa4 23. Nxa4 Bxa3 24. Rb1 d6 25. Rb3 Bc5 26. Naxc5 dxc5 27. Nxc5 Re8 28. f3 Bd5 29. Ra3 Bc4 30. Nd3 Re2 31. Rc3 Bxd3 32. cxd3 Nd5 33. Ra3 Ne3 34. Rxa6 Rxg2+ 35. Kh1 Kf8 36. Ra8+ Ke7 37. Ra1 Re2 38. Bxc7 Ke6 39. Bb6 Kd5 40. f4 Ng4 41. h3 Nf2+ 42. Bxf2 Rxf2 43. Ra4 Rf3 44. Kg2 Rxd3 45. Ra7 Ke6 46. Ra5 Rd5 47. Ra4 Kf5 48. Ra7 Ke6 49. Ra4 Rd3 50. Ra5 h6 51. Rb5 Rd5 52. Rb4 g5 53. fxg5 hxg5 54. h4 gxh4 55. Rxh4 Rd3 56. Kf2 f5 57. Ra4 Kf6 58. Ke2 Rh3 59. Kf2 Kg5 60. Rb4 f4 61. Rb8 Rc3 62. Rg8+ Kf5 63. Rf8+ Ke5 64. Re8+ Kd6 65. Re4 1/2-1/2

[Event "ALG-ch (Women)"]
[Site "Algiers"]
[Date "2013.05.03"]
[Round "9"]
[White "Lalaoui, Feriel"]
[Black "Latreche, Khadidja"]
[Result "1-0"]
[WhiteElo "1719"]
[BlackElo "1895"]
[PlyCount "87"]
[EventDate "2013.04.29"]
[EventType "swiss"]
[EventRounds "9"]
[EventCountry "ALG"]
[SourceTitle "CBM 154 Extra"]
[Source "ChessBase"]
[SourceDate "2013.06.25"]
[SourceVersion "2"]
[SourceVersionDate "2013.06.25"]
[SourceQuality "1"]

1. e4 c5 2. Nf3 Nc6 3. d4 cxd4 4. Nxd4 g6 5. Nc3 Bg7 6. Be3 Nf6 7. Bc4 0-0 8. Bb3 a5 9. f3 d6 10. h4 Bd7 11. a4 Ne5 12. Qe2 Rc8 13. 0-0-0 Bc6 14. g4 Ned7 15. h5 Nc5 16. hxg6 Nxb3+ 17. cxb3 hxg6 18. Bh6 Bxh6+ 19. Rxh6 Kg7 20. Rdh1 Rg8 21. Qe3 Kf8 22. Rh8 Ke8 23. g5 Kd7 24. Rxg8 Nxg8 25. e5 dxe5 26. Re1 Bd5 27. Qxe5 Ke8 28. Ndb5 e6 29. Nd6+ Kf8 30. Nxc8 Qxc8 31. Qd6+ Kg7 32. Kb1 Bxf3 33. Rf1 Qc6 34. Qf4 Bh5 35. Qxf7+ Kh8 36. Qf8 Qd7 37. Rf7 Qd3+ 38. Ka2 Qd4 39. Ne4 Bd1 40. Nf6 Bxb3+ 41. Kxb3 Qd3+ 42. Ka2 Qc4+ 43. Ka3 Qd3+ 44. b3 1-0

[Event "ALG-ch (Women)"]
[Site "Algiers"]
[Date "2013.05.03"]
[Round "8"]
[White "Maouchi, Amina"]
[Black "Lalaoui, Feriel"]
[Result "0-1"]
[WhiteElo "1555"]
[BlackElo "1719"]
[PlyCount "81"]
[EventDate "2013.04.29"]
[EventType "swiss"]
[EventRounds "9"]
[EventCountry "ALG"]
[SourceTitle "CBM 154 Extra"]
[Source "ChessBase"]
[SourceDate "2013.06.25"]
[SourceVersion "2"]
[SourceVersionDate "2013.06.25"]
[SourceQuality "1"]

1. e4 c5 2. Nf3 d6 3. d4 cxd4 4. Nxd4 Nf6 5. Nc3 a6 6. Be2 e6 7. Be3 Be7 8. 0-0 0-0 9. Qd2 b5 10. a3 Bb7 11. Bf3 Qc7 12. Rfd1 Rd8 13. Nb3 Nbd7 14. Qe2 Ne5 15. Bd4 d5 16. exd5 Nxf3+ 17. Qxf3 Nxd5 18. Qg3 Qxg3 19. hxg3 Rac8 20. Rd3 Nf6 21. f3 Bd6 22. Bb6 Rd7 23. Rad1 Nd5 24. Kf2 Nxc3 25. bxc3 Bd5 26. Ra1 Be5 27. Nd4 Rc4 28. Ba5 Bf6 29. Bb4 e5 30. Nf5 h6 31. Rad1 Be6 32. Rxd7 Bxf5 33. Ra7 Bxc2 34. Ra1 Bf5 35. Rxa6 e4 36. Ra5 Bd7 37. Ra8+ Kh7 38. Ra7 Bc6 39. Rxf7 Kg6 40. Rc7 exf3 41. gxf3 0-1

[Event "ALG-ch (Women)"]
[Site "Algiers"]
[Date "2013.05.02"]
[Round "6"]
[White "Hamlaoui, Asma"]
[Black "Lalaoui, Feriel"]
[Result "1/2-1/2"]
[WhiteElo "1639"]
[BlackElo "1719"]
[PlyCount "104"]
[EventDate "2013.04.29"]
[EventType "swiss"]
[EventRounds "9"]
[EventCountry "ALG"]
[SourceTitle "CBM 154 Extra"]
[Source "ChessBase"]
[SourceDate "2013.06.25"]
[SourceVersion "2"]
[SourceVersionDate "2013.06.25"]
[SourceQuality "1"]

1. e4 e5 2. Nf3 Nc6 3. Bb5 a6 4. Ba4 Nf6 5. 0-0 Be7 6. Re1 b5 7. Bb3 d6 8. h3 Na5 9. d3 c5 10. Bg5 Nxb3 11. axb3 0-0 12. Nbd2 Nd7 13. Bxe7 Qxe7 14. Qe2 f5 15. exf5 Rxf5 16. Qe4 Nb6 17. d4 cxd4 18. Qxd4 Qc7 19. Qh4 Bb7 20. c3 Raf8 21. Ng5 h6 22. Ngf3 Rf4 23. Qg3 Qf7 24. Re2 Nd7 25. b4 Nf6 26. Rae1 Nh5 27. Qh2 g5 28. Ne4 Qg6 29. Ned2 g4 30. Nh4 Qg5 31. g3 gxh3 32. Qxh3 Rg4 33. Ne4 Qg7 34. Kh2 Nf6 35. Nf5 Qd7 36. Nxh6+ Kg7 37. Nxf6 Rxf6 38. Qxg4+ Qxg4 39. Nxg4 Rg6 40. Kh3 Bf3 41. Re3 Bxg4+ 42. Kg2 Kf6 43. Ra1 Bc8 44. Rd1 Ke6 45. f3 Bb7 46. g4 Rxg4+ 47. Kf2 Rh4 48. Kg2 Rg4+ 49. Kh3 Rf4 50. Kg3 Rf7 51. Rh1 Rg7+ 52. Kf2 Rf7 1/2-1/2

[Event "ALG-ch (Women)"]
[Site "Algiers"]
[Date "2013.05.01"]
[Round "5"]
[White "Lalaoui, Feriel"]
[Black "Abdi, Zineb Dina"]
[Result "0-1"]
[WhiteElo "1719"]
[BlackElo "1893"]
[PlyCount "82"]
[EventDate "2013.04.29"]
[EventType "swiss"]
[EventRounds "9"]
[EventCountry "ALG"]
[SourceTitle "CBM 154 Extra"]
[Source "ChessBase"]
[SourceDate "2013.06.25"]
[SourceVersion "2"]
[SourceVersionDate "2013.06.25"]
[SourceQuality "1"]

1. e4 c5 2. Nf3 Nc6 3. d4 cxd4 4. Nxd4 Nf6 5. Nc3 g6 6. Be3 Bg7 7. Qd2 0-0 8. f3 d5 9. 0-0-0 dxe4 10. Nxe4 Nxe4 11. fxe4 Nxd4 12. Bxd4 e5 13. Bc5 Qxd2+ 14. Rxd2 Bh6 15. Bxf8 Kxf8 16. Kd1 Bxd2 17. Kxd2 Be6 18. a3 Rd8+ 19. Kc1 Ke7 20. Be2 Rd4 21. Bf3 b6 22. Re1 Bd7 23. c3 Rd6 24. g4 Rd3 25. Rf1 Bc6 26. Bg2 h6 27. Kc2 Rd6 28. h4 Bd7 29. g5 hxg5 30. hxg5 f6 31. gxf6+ Rxf6 32. Rg1 Rf2+ 33. Kc1 Kf6 34. Bf1 g5 35. c4 g4 36. Bd3 Kg5 37. b3 Kf4 38. Kd1 g3 39. Ke1 Ra2 40. Rf1+ Ke3 41. Bb1 Ra1 0-1

[Event "Pobeskydy op"]
[Site "Frydek Mistek"]
[Date "2013.03.31"]
[Round "7"]
[White "Dobes, Vojtech"]
[Black "Lalaoui, Feriel"]
[Result "1-0"]
[WhiteElo "2035"]
[BlackElo "1719"]
[PlyCount "55"]
[EventDate "2013.03.28"]
[EventType "swiss"]
[EventRounds "9"]
[EventCountry "CZE"]
[SourceTitle "CBM 153 Extra"]
[Source "ChessBase"]
[SourceDate "2013.04.22"]
[SourceVersion "1"]
[SourceVersionDate "2013.04.22"]
[SourceQuality "1"]

1. e4 e5 2. Nf3 Nc6 3. Bb5 a6 4. Ba4 Nf6 5. d4 Nxd4 6. Nxe5 Bc5 7. 0-0 b5 8. Bb3 0-0 9. Bg5 Nxb3 10. axb3 Bb6 11. Ng4 d6 12. Nxf6+ gxf6 13. Bh6 Re8 14. Qf3 Kh8 15. e5 Rb8 16. exf6 Qd7 17. Qh5 Qf5 18. Qh4 Qxc2 19. Nc3 Bb7 20. Rad1 Re5 21. Rfe1 Qg6 22. Bg7+ Kg8 23. g3 Rh5 24. Qf4 Rh3 25. Re2 Qh5 26. Rde1 Bc6 27. g4 Qg6 28. Nd5 1-0

[Event "ALG-ch U18 Girls"]
[Site "Chenoua"]
[Date "2012.11.02"]
[Round "6"]
[White "Afgoun, Dyhia"]
[Black "Lalaoui, Feriel"]
[Result "0-1"]
[WhiteElo "1565"]
[BlackElo "1698"]
[PlyCount "30"]
[EventDate "2012.10.28"]
[EventType "swiss"]
[EventRounds "9"]
[EventCountry "ALG"]
[SourceTitle "EXT 2014"]
[Source "ChessBase"]
[SourceDate "2013.11.20"]
[SourceVersion "1"]
[SourceVersionDate "2013.11.20"]
[SourceQuality "1"]

1. e4 e5 2. Bc4 Bc5 3. Nf3 Nc6 4. d3 Nf6 5. c3 a6 6. Nbd2 Ba7 7. h3 0-0 8. 0-0 d5 9. Bb3 h6 10. Re1 dxe4 11. dxe4 Qe7 12. Nh4 Ng4 13. Nf5 Bxf2+ 14. Kh1 Bxf5 15. hxg4 Qh4# 0-1

[Event "ALG-ch U18 Girls"]
[Site "Chenoua"]
[Date "2012.10.28"]
[Round "1"]
[White "Lalaoui, Feriel"]
[Black "Afgoun, Dyhia"]
[Result "1-0"]
[WhiteElo "1698"]
[BlackElo "1565"]
[PlyCount "55"]
[EventDate "2012.10.28"]
[EventType "swiss"]
[EventRounds "9"]
[EventCountry "ALG"]
[SourceTitle "EXT 2014"]
[Source "ChessBase"]
[SourceDate "2013.11.20"]
[SourceVersion "1"]
[SourceVersionDate "2013.11.20"]
[SourceQuality "1"]

1. e4 e6 2. d4 d5 3. Nd2 c5 4. exd5 Qxd5 5. dxc5 Bxc5 6. Ngf3 Nf6 7. Bc4 Qd6 8. 0-0 0-0 9. Qe2 Nc6 10. Nb3 Bb6 11. Be3 Bc7 12. Rfd1 Qe7 13. Bc5 Qe8 14. Bxf8 Qxf8 15. h3 b6 16. Nbd4 Nxd4 17. Rxd4 Bb7 18. Rad1 Qc5 19. Bb3 h6 20. c3 Rc8 21. Re1 Bb8 22. Rc4 Qd6 23. Rxc8+ Bxc8 24. Rd1 Qc7 25. Qc4 Bb7 26. Qd3 Be4 27. Qe2 Kf8 28. Rd4 1-0